00197nam a2200085Ia 4500008004100000100002000041245002100061260000900082650002000091190216s9999||||xx |||||||||||||| ||und|| aThayat Sankaran 0aAnther Darshanam bNull aEssay Malayalam